000 00647nam a2200205Ia 4500
005 20260601193221.0
008 260601s9999||||xx |||||||||||||| ||und||
020 _a978-3-031-47679-2
_qebk
100 _aAndreas K. Maier
245 0 _aMachine Learning for Multimodal Healthcare Data
250 _a1st ed. 2024
260 _aHeidelberg, Germany
_bSpringer Nature
_c2024
440 _aLecture Notes in Computer Science
650 _aComputer Science
700 _aJulia A. Schnabel
700 _aOliver Stegle
700 _aPallavi Tiwari
856 _uhttps://link.springer.com/openurl?genre=book&isbn=978-3-031-47679-2
942 _cEB
_2ddc
999 _c55817
_d55817